Statistics for English Premier League Hall of Fame

Click here to take the quiz!

General Stats

  • This quiz has been taken 26,330 times
    (2,764 since last reset)
  • The average score is 16 of 24

Answer Stats

Year InductedPlayer% Correct
2023Sir Alex Ferguson
87%
2021Frank Lampard
85%
2022Wayne Rooney
85%
2021Steven Gerrard
83%
2021Thierry Henry
82%
2021Alan Shearer
79%
2022Paul Scholes
77%
2024Andy Cole
76%
2023Arsène Wenger
76%
2024Ashley Cole
76%
2024John Terry
73%
2022Didier Drogba
72%
2023Rio Ferdinand
71%
2021David Beckham
70%
2022Sergio Agüero
66%
2021Dennis Bergkamp
61%
2021Roy Keane
58%
2022Patrick Vieira
54%
2023Petr Čech
54%
2022Peter Schmeichel
52%
2021Éric Cantona
50%
2022Vincent Kompany
47%
2022Ian Wright
44%
2023Tony Adams
41%

Score Distribution

Percentile by Number Answered

Percent of People with Each Score

Your Score History

You have not taken this quiz since the last reset